Statistics for Africa Geography by Letter - I

Click here to take the quiz!

General Stats

  • This quiz has been taken 102 times
  • The average score is 8 of 20

Answer Stats

HintAnswer% Correct
Ocean to the east of AfricaIndian Ocean
100%
Religiously and linguistically diverse country in West AfricaIvory Coast
93%
Religion adhered to by about 45% of AfricaIslam
91%
European country which colonized Somalia and EritreaItaly
87%
Bird known for its religious importance to the Ancient Egyptiansibis
77%
A major people group and language native to NigeriaIgbo
69%
Third largest city in NigeriaIbadan
66%
Demonym for the above countryIvorian
60%
Type of antelope found in East and Southern Africaimpala
43%
People group that makes up the majority of MauritiusIndo-Mauritians
41%
Large city in Nigeria's Kwara StateIlorin
14%
Province in northeast DR CongoIturi
9%
Medieval historic region of what is now Tunisia, eastern Algeria, and TripolitaniaIfriqiya
6%
Large city in Nigeria near LagosIkorodu
6%
Remote British island southwest of Tristan da CubhaInaccessible Island
6%
Largest national park in AngolaIona National Park
6%
National stadium of NamibiaIndependence Stadium
5%
Most prominent clan in SomaliaIsaaq
5%
Xhosa name for Cape TowniKapa
4%
Island in southern Mozambique home to many species of animalsInhaca Island
4%

Score Distribution

Percentile by Number Answered

Percent of People with Each Score

Your Score History

You have not taken this quiz